| 000 | 00920nam a22002891 4500 | ||
|---|---|---|---|
| 001 | 19198 | ||
| 003 | BD-RjUL | ||
| 005 | 20211209000410.0 | ||
| 008 | 140223s1984 us a b 001 0 eng d | ||
| 020 | _a013464736X | ||
| 020 | _a8120303970 | ||
| 035 | _a(BD-RjUL)19256 | ||
| 040 |
_aBD-RjUL _beng _cBD-RjUL |
||
| 041 | _aeng | ||
| 082 |
_a658.4 _bMUI 2005 |
||
| 100 | 1 |
_aMurdick, Robert G. _959063 |
|
| 245 | 1 | 0 |
_aInformation systems for modern management / _cRobert G. Murdick, Joel E. Ross, James R. Claggett |
| 250 | _a3rd ed. , Indian Reprint ed. | ||
| 260 |
_aNew Delhi: _bPrentice-Hall of India, _cc1984 [Indian Reprint 2005] |
||
| 300 |
_axi, 466 p : _bill. ; _c24 cm |
||
| 504 | _aIncludes bibliographies and index | ||
| 650 | 0 |
_aManagement information systems _91330 |
|
| 700 | 1 |
_aClaggett, James R., _d1951- _959064 |
|
| 700 | 1 |
_aRoss, Joel E. _959065 |
|
| 942 |
_2ddc _cBK |
||
| 999 |
_c19198 _d19198 |
||